000 00322nam a22001337a 4500
008 170607b xxu||||| |||| 00| 0 eng d
020 _a0822314932
041 _aeng
080 _a94(7/8)
100 _a18
101 _aSHH
245 _aREVISIONARY INTERVENTIONS INTO THE AMERICANIST CANON
_cPEASE,D.E
942 _2udc
_cBK
999 _c16335
_d16335